[Event "Kampala Rwabushenyi Memorial"]
[Site "Kampala"]
[Date "2021.12.05"]
[Round "7"]
[White "Musasizi, Emmanuel"]
[Black "Kawuma, Patrick"]
[Result "1-0"]
[WhiteElo "1933"]
[BlackElo "2362"]
[PlyCount "95"]
[EventDate "2021.12.02"]
[EventType "swiss"]
[EventRounds "8"]
[EventCountry "UGA"]
[SourceTitle "EXT 2023"]
[Source "ChessBase"]
[SourceDate "2022.10.05"]
[SourceVersion "1"]
[SourceVersionDate "2022.10.05"]
[SourceQuality "1"]

1. e4 c5 2. Nf3 e6 3. d3 Nc6 4. g3 g6 5. Bg2 Bg7 6. 0-0 Nge7 7. Re1 0-0 8. Nbd2 d6 9. Nf1 b5 10. h4 Rb8 11. N1h2 Qc7 12. h5 d5 13. h6 Bh8 14. Ng5 dxe4 15. Nxe4 c4 16. Bf4 e5 17. Bg5 f6 18. Bc1 Be6 19. Nc5 Bc8 20. b3 Nd4 21. b4 cxd3 22. cxd3 Qd6 23. a4 a6 24. Ne4 Qd8 25. Nc5 Rf7 26. axb5 axb5 27. Bd2 Nef5 28. Ng4 Ne6 29. Qb1 Nfd4 30. Nh2 Qd6 31. Qa2 Kf8 32. Bd5 Rc7 33. Rac1 Bd7 34. Kf1 Re8 35. Nb7 Qb6 36. Rxc7 Nxc7 37. Nc5 Bc6 38. Bg8 Re7 39. Be3 Be8 40. Bxd4 Qc6 41. f3 exd4 42. Rxe7 Kxe7 43. Kf2 f5 44. Nf1 Be5 45. Qe2 Kf6 46. f4 Bd6 47. Ne6 Bd7 48. Ng5 1-0

[Event "Kampala Rwabushenyi Memorial"]
[Site "Kampala"]
[Date "2021.12.05"]
[Round "8"]
[White "Ssenabulya, Sharif"]
[Black "Kawuma, Patrick"]
[Result "0-1"]
[WhiteElo "1708"]
[BlackElo "2362"]
[PlyCount "94"]
[EventDate "2021.12.02"]
[EventType "swiss"]
[EventRounds "8"]
[EventCountry "UGA"]
[SourceTitle "EXT 2023"]
[Source "ChessBase"]
[SourceDate "2022.10.05"]
[SourceVersion "1"]
[SourceVersionDate "2022.10.05"]
[SourceQuality "1"]

1. d4 Nf6 2. Nf3 g6 3. c4 Bg7 4. Nc3 0-0 5. e4 d6 6. Be2 Na6 7. 0-0 e5 8. dxe5 dxe5 9. Qxd8 Rxd8 10. Bg5 Re8 11. Rfd1 h6 12. Bxf6 Bxf6 13. Rd2 c6 14. Rad1 Nc5 15. b4 Ne6 16. g3 Be7 17. a3 a5 18. b5 f6 19. Na4 Bxa3 20. c5 Nxc5 21. Nxc5 Bxc5 22. bxc6 bxc6 23. Rc2 Be7 24. Rxc6 Ra7 25. Bc4+ Kf8 26. Ba2 Bg4 27. Kg2 Rc8 28. Rxc8+ Bxc8 29. Rc1 Bd7 30. Nd2 Bb4 31. Nf1 Ke8 32. Rd1 Bc5 33. Nd2 a4 34. Nc4 Ke7 35. Rd5 Rc7 36. Rd2 Be6 37. Rc2 Bd4 38. Kf3 f5 39. exf5 Bxf5 40. Rc1 Bd3 41. Kg2 Bb2 42. Nxb2 Be4+ 43. Kh3 Rxc1 44. Nxa4 Bc6 45. Bb3 Rf1 46. Nc5 Rxf2 47. Nd3 Bd7+ 0-1

[Event "Kampala Rwabushenyi Memorial"]
[Site "Kampala"]
[Date "2021.12.04"]
[Round "5"]
[White "Byaruhanga, Jonah"]
[Black "Kawuma, Patrick"]
[Result "0-1"]
[WhiteElo "1705"]
[BlackElo "2362"]
[PlyCount "70"]
[EventDate "2021.12.02"]
[EventType "swiss"]
[EventRounds "8"]
[EventCountry "UGA"]
[SourceTitle "EXT 2023"]
[Source "ChessBase"]
[SourceDate "2022.10.05"]
[SourceVersion "1"]
[SourceVersionDate "2022.10.05"]
[SourceQuality "1"]

1. e4 c5 2. Nf3 Nc6 3. g3 g6 4. Bg2 Bg7 5. 0-0 d6 6. c3 e5 7. d3 Nge7 8. Re1 0-0 9. Nbd2 h6 10. Nf1 Be6 11. h3 Qd7 12. Kh2 d5 13. Bd2 Rad8 14. Qc1 Kh7 15. g4 b5 16. Ng3 Rc8 17. Qd1 d4 18. g5 h5 19. Nh4 dxc3 20. bxc3 Kg8 21. Be3 Qd6 22. Bf3 Rfd8 23. Be2 b4 24. c4 Nd4 25. Bxh5 gxh5 26. Nxh5 Ng6 27. Nf6+ Kf8 28. Nxg6+ fxg6 29. Bxd4 Qxd4 30. Qf3 Ke7 31. Rad1 Rh8 32. Ng4 Rcf8 33. Qg3 Bxg4 34. Qxg4 Qxf2+ 35. Kh1 Rxh3+ 0-1

[Event "Kampala Rwabushenyi Memorial"]
[Site "Kampala"]
[Date "2021.12.04"]
[Round "6"]
[White "Kawuma, Patrick"]
[Black "Kalule, Caxton"]
[Result "1-0"]
[WhiteElo "2362"]
[BlackElo "1864"]
[PlyCount "85"]
[EventDate "2021.12.02"]
[EventType "swiss"]
[EventRounds "8"]
[EventCountry "UGA"]
[SourceTitle "EXT 2023"]
[Source "ChessBase"]
[SourceDate "2022.10.05"]
[SourceVersion "1"]
[SourceVersionDate "2022.10.05"]
[SourceQuality "1"]

1. c4 c5 2. Nc3 Nc6 3. Nf3 Nf6 4. e3 e6 5. Be2 Be7 6. 0-0 0-0 7. d4 d5 8. cxd5 Nxd5 9. e4 Nxc3 10. bxc3 cxd4 11. cxd4 Qc7 12. Be3 Rd8 13. Rb1 f5 14. Qc2 Qd7 15. Rfd1 fxe4 16. Qxe4 Qd5 17. Qc2 Nb4 18. Qd2 Qxa2 19. Rxb4 Qxd2 20. Bxd2 Bxb4 21. Bxb4 Bd7 22. Ne5 Be8 23. Bf3 Ba4 24. Ra1 Rac8 25. Bxb7 Rb8 26. Ba5 Rxd4 27. Bf3 Be8 28. Bc7 Ra4 29. Rc1 Rc8 30. h3 Ra2 31. Bb7 Rxc7 32. Rxc7 Kf8 33. Bc8 Re2 34. Nf3 h6 35. Rxa7 Bc6 36. Bb7 Bb5 37. Ra5 Bc4 38. Ba6 Ra2 39. Rxa2 Bxa2 40. Kf1 Ke7 41. Ke2 e5 42. Nxe5 Bd5 43. g3 1-0

[Event "Kampala Rwabushenyi Memorial"]
[Site "Kampala"]
[Date "2021.12.03"]
[Round "3"]
[White "Kawuma, Patrick"]
[Black "Mukose, Emmanuel"]
[Result "1-0"]
[WhiteElo "2362"]
[BlackElo "1775"]
[PlyCount "91"]
[EventDate "2021.12.02"]
[EventType "swiss"]
[EventRounds "8"]
[EventCountry "UGA"]
[SourceTitle "EXT 2023"]
[Source "ChessBase"]
[SourceDate "2022.10.05"]
[SourceVersion "1"]
[SourceVersionDate "2022.10.05"]
[SourceQuality "1"]

1. c4 c6 2. d4 d5 3. cxd5 cxd5 4. Nc3 e6 5. Nf3 f5 6. Bf4 Nf6 7. e3 Nc6 8. Be2 a6 9. 0-0 Be7 10. Rc1 0-0 11. Na4 Ne4 12. Ne5 Nxe5 13. Bxe5 Bd6 14. f3 Bxe5 15. dxe5 Ng5 16. Qd4 b5 17. Nb6 Rb8 18. Rc6 Bb7 19. Rd6 Qe7 20. Rd7 Qe8 21. Rc1 Rf7 22. Rcc7 Ba8 23. h4 Rxd7 24. Nxd7 Rc8 25. Rxc8 Qxc8 26. Nb6 Qc2 27. Bd1 Nxf3+ 28. gxf3 Qc6 29. Nxa8 Qxa8 30. Qc5 Qd8 31. Qc6 Kf7 32. Kf1 Qxh4 33. Qd7+ Kf8 34. Qxe6 Qh1+ 35. Ke2 Qh2+ 36. Ke1 Qxb2 37. Qxf5+ Ke7 38. Qg5+ Ke6 39. Qxg7 Qxa2 40. Qf6+ Kd7 41. e6+ Kc7 42. Qe7+ Kb6 43. Qd6+ Ka5 44. Qc7+ Kb4 45. e7 Qh2 46. e8Q 1-0

[Event "Africa-ch"]
[Site "Lilongwe"]
[Date "2021.05.19"]
[Round "2"]
[White "Kawuma, Patrick"]
[Black "Methu, Joseph Muraga"]
[Result "1-0"]
[WhiteElo "2323"]
[BlackElo "2119"]
[PlyCount "77"]
[EventDate "2021.05.18"]
[EventType "swiss"]
[EventRounds "9"]
[EventCountry "MWI"]
[SourceTitle "CBM 202 Extra"]
[Source "ChessBase"]
[SourceDate "2021.07.31"]
[SourceVersion "1"]
[SourceVersionDate "2021.07.31"]
[SourceQuality "1"]

1. d4 Nf6 2. c4 g6 3. g3 Bg7 4. Bg2 d6 5. Nf3 0-0 6. 0-0 Nc6 7. Nc3 a6 8. b3 Rb8 9. d5 Na5 10. Bd2 c5 11. dxc6 Nxc6 12. Rc1 Bf5 13. Re1 Ne4 14. Nh4 Nxc3 15. Bxc3 Bd7 16. Bxg7 Kxg7 17. c5 dxc5 18. Rxc5 Qb6 19. Qc1 Kg8 20. Nf3 Kg7 21. h4 Bg4 22. Nh2 Bd7 23. h5 Qb4 24. Rc4 Qa5 25. Rh4 g5 26. h6+ Kh8 27. Rc4 f6 28. Nf3 Rg8 29. Rc5 Qb4 30. Nxg5 Rg6 31. a3 Qb6 32. Rd1 Be8 33. Be4 Qxb3 34. Bxg6 hxg6 35. Nf3 Qa4 36. Rc4 Qa5 37. Qf4 Ra8 38. Qe3 Qb5 39. Rxc6 1-0

[Event "Kampala World Cup Qual"]
[Site "Kampala"]
[Date "2021.05.09"]
[Round "3"]
[White "Kawuma, Patrick"]
[Black "Nsubuga, Haruna"]
[Result "0-1"]
[WhiteElo "2323"]
[BlackElo "2135"]
[PlyCount "76"]
[EventDate "2021.05.08"]
[EventType "tourn"]
[EventRounds "10"]
[EventCountry "UGA"]
[EventCategory "2"]
[SourceTitle "CBM 202 Extra"]
[Source "ChessBase"]
[SourceDate "2021.07.31"]
[SourceVersion "1"]
[SourceVersionDate "2021.07.31"]
[SourceQuality "1"]

1. c4 c5 2. g3 g6 3. Bg2 Bg7 4. Nc3 Nc6 5. Nf3 e5 6. a3 Nge7 7. 0-0 0-0 8. Ne1 d6 9. Nc2 Be6 10. Ne3 Qd7 11. Rb1 Bh3 12. b4 Bxg2 13. Kxg2 cxb4 14. axb4 a6 15. b5 Nd4 16. Kg1 f5 17. bxa6 bxa6 18. Nc2 Ne6 19. Nb4 f4 20. Qa4 Qd8 21. Nc6 Qe8 22. Rb6 Nc8 23. Rxa6 Nc5 24. Rxa8 Nxa4 25. Rxc8 Qd7 26. Rxf8+ Kxf8 27. Nxa4 Qxc6 28. Nb2 e4 29. d3 f3 30. exf3 Bxb2 31. dxe4 Bd4 32. Re1 Qb6 33. Be3 Qb4 34. Kf1 Qc3 35. Bh6+ Kf7 36. Rd1 Qa5 37. Bf4 Qh5 38. Rd2 Bc3 0-1

[Event "Kampala Kantinti Memorial op"]
[Site "Kampala"]
[Date "2020.02.14"]
[Round "4"]
[White "Kawuma, Patrick"]
[Black "Musasizi, Emmanuel"]
[Result "1-0"]
[WhiteElo "2319"]
[BlackElo "1885"]
[PlyCount "73"]
[EventDate "2020.02.14"]
[EventType "swiss"]
[EventRounds "7"]
[EventCountry "UGA"]
[SourceTitle "EXT 2021"]
[Source "ChessBase"]
[SourceDate "2020.10.23"]
[SourceVersion "1"]
[SourceVersionDate "2020.10.23"]
[SourceQuality "1"]

1. Nf3 Nf6 2. c4 g6 3. g3 Bg7 4. d4 d6 5. Bg2 0-0 6. 0-0 Nbd7 7. h3 h6 8. Nc3 e5 9. e4 Qe7 10. Re1 c6 11. Be3 Ne8 12. Qc2 Nc7 13. Rad1 a5 14. Na4 Kh7 15. b3 c5 16. dxc5 dxc5 17. Rxd7 Bxd7 18. Bxc5 Qe6 19. Nb6 Rad8 20. Bxf8 Bxf8 21. Nd5 Rc8 22. Qc3 Bb4 23. Nxb4 axb4 24. Qxb4 b5 25. cxb5 Nxb5 26. a4 Na7 27. Qd2 Be8 28. b4 Bxa4 29. Ra1 Qb3 30. Nxe5 Rc7 31. Ng4 g5 32. e5 Bc6 33. Qd6 Qe6 34. Nf6+ Kg7 35. Qxe6 fxe6 36. Ne8+ Kf8 37. Nxc7 1-0

[Event "Kampala Kantinti Memorial op"]
[Site "Kampala"]
[Date "2020.02.14"]
[Round "1"]
[White "Kizito, Kangave"]
[Black "Kawuma, Patrick"]
[Result "0-1"]
[WhiteElo "1688"]
[BlackElo "2319"]
[PlyCount "84"]
[EventDate "2020.02.14"]
[EventType "swiss"]
[EventRounds "7"]
[EventCountry "UGA"]
[SourceTitle "EXT 2021"]
[Source "ChessBase"]
[SourceDate "2020.10.23"]
[SourceVersion "1"]
[SourceVersionDate "2020.10.23"]
[SourceQuality "1"]

1. d4 Nf6 2. c4 c5 3. dxc5 Na6 4. Nc3 Nxc5 5. Nf3 g6 6. b4 Na6 7. a3 Bg7 8. Bb2 0-0 9. e4 Nxe4 10. Qc2 Nf6 11. Be2 d6 12. 0-0 Bf5 13. Qb3 Qb6 14. Rad1 Nc5 15. Qa2 Nce4 16. Na4 Qc7 17. Nd4 Bd7 18. Qb3 a6 19. Nc3 Nxc3 20. Bxc3 Rac8 21. Ba1 Rfd8 22. Rc1 Bh6 23. h3 b5 24. Rc2 bxc4 25. Bxc4 Qb7 26. Bxf7+ Kh8 27. Ne6 Rxc2 28. Nxd8 Qe4 29. Bd5 Qe2 30. Nf7+ Kg7 31. Nxh6 Bb5 32. Bxf6+ Kxh6 33. Bd4 Qxf1+ 34. Kh2 Qd3 35. Qxd3 Bxd3 36. g4 e5 37. Bb6 Bb5 38. h4 Kg7 39. Kg3 Rc3+ 40. Kg2 Rxa3 41. Bc7 Rd3 42. Bxd6 Rxd5 0-1

[Event "Kampala Kantinti Memorial op"]
[Site "Kampala"]
[Date "2020.02.14"]
[Round "5"]
[White "Nsubuga, Haruna"]
[Black "Kawuma, Patrick"]
[Result "0-1"]
[WhiteElo "2158"]
[BlackElo "2319"]
[PlyCount "50"]
[EventDate "2020.02.14"]
[EventType "swiss"]
[EventRounds "7"]
[EventCountry "UGA"]
[SourceTitle "EXT 2021"]
[Source "ChessBase"]
[SourceDate "2020.10.23"]
[SourceVersion "1"]
[SourceVersionDate "2020.10.23"]
[SourceQuality "1"]

1. e4 c5 2. Nf3 d6 3. d4 cxd4 4. Nxd4 Nf6 5. Nc3 Nc6 6. Be2 e5 7. Nb3 Be7 8. h4 a5 9. a4 Be6 10. Be3 0-0 11. g4 d5 12. exd5 Nxd5 13. Nxd5 Bxd5 14. Rg1 Bxh4 15. Nc5 Nd4 16. g5 Rc8 17. Bxd4 exd4 18. Qxd4 Bxg5 19. Nd7 Bc6 20. Rd1 Re8 21. Kf1 Qe7 22. Qg4 Rcd8 23. Bd3 Bxd7 24. Qh5 h6 25. Rg3 Bf5 0-1

[Event "Kampala Zabasajja Memorial"]
[Site "Kampala"]
[Date "2020.02.01"]
[Round "3"]
[White "Kawuma, Patrick"]
[Black "Namwanza, Kennedy"]
[Result "1-0"]
[WhiteElo "2319"]
[BlackElo "1899"]
[PlyCount "105"]
[EventDate "2020.01.31"]
[EventType "swiss"]
[EventRounds "7"]
[EventCountry "UGA"]
[SourceTitle "EXT 2021"]
[Source "ChessBase"]
[SourceDate "2020.10.23"]
[SourceVersion "1"]
[SourceVersionDate "2020.10.23"]
[SourceQuality "1"]

1. c4 Nf6 2. Nc3 e6 3. e4 Bb4 4. e5 Ng8 5. Qg4 g6 6. d4 c5 7. a3 Qa5 8. Bd2 cxd4 9. Qxd4 Nc6 10. Qe4 f5 11. Qf4 Bf8 12. Nb5 Qd8 13. Nf3 a6 14. Nd6+ Bxd6 15. exd6 Nf6 16. Bd3 0-0 17. 0-0 b6 18. Bc3 Bb7 19. Rfe1 Rc8 20. Qh6 Rf7 21. Ng5 Rg7 22. c5 Na5 23. Rxe6 dxe6 24. Nxe6 Qd7 25. Nxg7 Qxg7 26. Qg5 Kf7 27. Re1 Re8 28. Rxe8 Kxe8 29. cxb6 Nc6 30. Bxf6 Qf7 31. Bc3 Qd5 32. Qe3+ Kd7 33. Bf1 Qxd6 34. Qh6 Qe7 35. Qf4 Qd6 36. Qc4 Qe6 37. Qxe6+ Kxe6 38. Bc4+ Ke7 39. Kf1 Nb8 40. Bb4+ Kf6 41. a4 Ke5 42. Bc3+ Kf4 43. Bg8 h5 44. Bf7 Kg5 45. g3 Nd7 46. Bd4 Nb8 47. h4+ Kh6 48. b4 Bc6 49. Bb3 Be4 50. Bc4 Bc2 51. a5 Ba4 52. Be5 Nc6 53. Bd6 1-0

[Event "Kampala Zabasajja Memorial"]
[Site "Kampala"]
[Date "2020.01.31"]
[Round "1"]
[White "Kawuma, Patrick"]
[Black "Otete, Albert"]
[Result "1-0"]
[WhiteElo "2319"]
[BlackElo "1484"]
[PlyCount "53"]
[EventDate "2020.01.31"]
[EventType "swiss"]
[EventRounds "7"]
[EventCountry "UGA"]
[SourceTitle "EXT 2021"]
[Source "ChessBase"]
[SourceDate "2020.10.23"]
[SourceVersion "1"]
[SourceVersionDate "2020.10.23"]
[SourceQuality "1"]

1. Nf3 Nf6 2. c4 e6 3. e3 Be7 4. Be2 d5 5. b3 c5 6. Bb2 0-0 7. 0-0 dxc4 8. bxc4 Nc6 9. Nc3 b6 10. d4 cxd4 11. exd4 Bb7 12. Rc1 Rc8 13. d5 exd5 14. Nxd5 Nxd5 15. cxd5 Na5 16. Rxc8 Bxc8 17. Qd3 Nb7 18. Ne5 Nc5 19. Qd4 Bf6 20. f4 Ba6 21. Bxa6 Nxa6 22. Rd1 Qd6 23. Qa4 Nc5 24. Qxa7 Rc8 25. Qxf7+ Kh8 26. Qh5 Ne4 27. Nf7+ 1-0